| 000 | 00369nam a2200133Ia 4500 | ||
|---|---|---|---|
| 008 | 240624s9999 xx 000 0 und d | ||
| 041 | _aeng | ||
| 082 | _a616.85 ALB | ||
| 100 | _aALBRECHT AVA T | ||
| 245 | _a100 QUESTIONS AND ANSWERS ABOUT DEPRESSI | ||
| 260 |
_c2007 _aBoston _bJones and Bartlett Publishers |
||
| 300 | _axiv, : 216 : p. : cm. ; 23 | ||
| 365 |
_cRS _b33 |
||
| 999 |
_c10782 _d10782 |
||